ARRUPE JESUIT UNIVERSITY

CORONAVIRUS -STOP THE SPREAD - CLEAN,DISINFECT,COVER

Modern spiritualities : (Record no. 118296)

MARC details
000 -LEADER
fixed length control field 01091pam a2200289 a 4500
001 - CONTROL NUMBER
control field 4945956
003 - CONTROL NUMBER IDENTIFIER
control field ARRUPE
005 - DATE AND TIME OF LATEST TRANSACTION
control field 20150728020012.0
008 - FIXED-LENGTH DATA ELEMENTS--GENERAL INFORMATION
fixed length control field 960816s1997 nyu b 100 0 eng
010 ## - LIBRARY OF CONGRESS CONTROL NUMBER
LC control number 96041522
020 ## - INTERNATIONAL STANDARD BOOK NUMBER
International Standard Book Number 1573921122 (cloth : alk. paper)
040 ## - CATALOGING SOURCE
Original cataloging agency DLC
Transcribing agency DLC
Modifying agency DLC
050 00 - LIBRARY OF CONGRESS CALL NUMBER
Classification number BL624
Item number .M633 1997
082 00 - DEWEY DECIMAL CLASSIFICATION NUMBER
Classification number 291.4
Edition number 20
300 ## - PHYSICAL DESCRIPTION
Dimensions 24 cm.
100 ## - MAIN ENTRY--PERSONAL NAME
Personal name Brown, Laurence Binet
9 (RLIN) 2316
245 00 - TITLE STATEMENT
Title Modern spiritualities :
Remainder of title an inquiry /
Statement of responsibility, etc edited by Laurence Brown, Bernard C. Farr, R. Joseph Hoffmann.
260 ## - PUBLICATION, DISTRIBUTION, ETC. (IMPRINT)
Place of publication, distribution, etc Amherst, N.Y. :
Name of publisher, distributor, etc Prometheus Books,
Date of publication, distribution, etc 1997.
300 ## - PHYSICAL DESCRIPTION
Extent 256 p. ;
504 ## - BIBLIOGRAPHY, ETC. NOTE
Bibliography, etc Includes bibliographical references.
650 #0 - SUBJECT ADDED ENTRY--TOPICAL TERM
Topical term or geographic name as entry element Spirituality
General subdivision Congresses.
9 (RLIN) 2317
700 1# - ADDED ENTRY--PERSONAL NAME
Personal name Brown, Laurence Binet,
Dates associated with a name 1927-
9 (RLIN) 2318
700 1# - ADDED ENTRY--PERSONAL NAME
Personal name Farr, Bernard C.
9 (RLIN) 2319
700 1# - ADDED ENTRY--PERSONAL NAME
Personal name Hoffmann, R. Joseph.
9 (RLIN) 2320
906 ## - LOCAL DATA ELEMENT F, LDF (RLIN)
a 7
b cbc
c orignew
d 1
e ocip
f 19
g y-gencatlg
942 ## - ADDED ENTRY ELEMENTS (KOHA)
Source of classification or shelving scheme Library of Congress Classification
Koha item type Monograph ( Printed materials)
Koha issues (borrowed), all copies 1
Holdings
Withdrawn status Lost status Source of classification or shelving scheme Damaged status Not for loan Collection code Home library Current library Shelving location Date acquired Total Checkouts Full call number Barcode Date last seen Date checked out Price effective from Koha item type
    Library of Congress Classification     Main Collection ARRUPE LIBRARY ARRUPE LIBRARY Main Collection 08/10/2013 1 BL624 .M633 1997 46410758 01/08/2016 27/07/2015 08/10/2013 Monograph ( Printed materials)

 

Arrupe Library. PO Box MP320 Mt Pleasant, Harare, Zimbabwe
263 242 745411|librarian@aju.ac.zw